[Event "15th Deltalift Open 2018"]
[Site "Halmstad"]
[Date "2018.05.11"]
[Round "6"]
[White "Mejvik, Jacob"]
[Black "Rydstrom, Tom"]
[Result "1-0"]
[WhiteElo "2063"]
[BlackElo "2324"]
[Annotator "TA"]
[PlyCount "67"]
[EventDate "2018.??.??"]
[EventType "swiss"]
[EventCountry "SWE"]
[SourceTitle "playchess.com"]
[Source "ChessBase"]
[SourceQuality "1"]

{[%evp 17,67,7,9,-95,80,59,73,25,23,18,4,-33,-33,-42,217,35,35,38,46,71,46,71,39,29,39,22,30,50,95,93,162,168,174,161,154,106,104,45,35,29,30,52,180,183,335,338,29977,29978,29978,29979,29979,29980]} 1. Nf3 d5 2. d4 Nf6 3. c4 c6 4. Nc3 e6 5. e3 Nbd7 6. Qc2 Bd6 7. g4 h6 8. Bd2 b6 {D45: Semi-Slav: 5 e3} (8... dxc4 9. Bxc4 b5 10. Be2 Bb7 11. Rg1 Rc8 12. h4 b4 13. Na4 c5 14. dxc5 Nxc5 15. Nxc5 Bxc5 16. Qa4+ {½-½ (49) Kempinski,R (2626)-Duda,J (2603) Wroclaw 2014}) 9. cxd5 exd5 {LiveBook: 3 Games} 10. Nxd5 (10. g5 $11 {remains equal.} hxg5 11. Nxg5) 10... Nxd5 $2 (10... cxd5 $17 11. Qc6 Bb7 $1 {[%mdl 512]} 12. Qxd6 (12. Qxb7 O-O $16) 12... Ne4) 11. Qxc6 $16 Nb4 $1 {[%cal Rb4c6]} 12. Qxd6 $146 (12. Qxa8 $5 {[%cal Ra1c1]} Nc2+ 13. Kd1 Nxa1 14. Qc6 $16) ({Predecessor:} 12. Qxa8 Nc2+ 13. Kd1 Nxa1 14. Bd3 O-O 15. Ke2 Nc2 16. Qc6 {0-1 (57) Maugg,L (1990)-Boehm,U (2085) Bayern 2011}) 12... Nc2+ 13. Kd1 Nxa1 14. Bb4 a5 $1 {[%cal Ra5b4]} 15. Ba3 $1 Ba6 $2 {[%mdl 8192]} (15... Qf6 $1 $15 {keeps the upper hand.} 16. Qxf6 Nxf6) 16. Qd5 $2 ({White should try} 16. Bxa6 $18 {Bb5 would kill now.} Rxa6 17. Ne5) 16... Qc8 $1 $14 {[%cal Rc8c2] ( -> ...Qc2+)} 17. Qe4+ $40 {[%mdl 128] White mounts an attack.} Kd8 18. Qe7+ Kc7 19. Ne5 Bxf1 20. Rxf1 {aiming for Kd2.} Re8 $1 {[%cal Re8e7]} 21. Qxf7 Rxe5 $1 22. dxe5 Kb7 23. Ke2 {[%cal Bd1e2,Be2f3,Bf3g3][%mdl 32]} Qc2+ (23... Ka6 $16 {was worth a try.} 24. Rxa1 Nxe5) 24. Kf3 $18 Qc6+ {[#]} 25. Kg3 $1 {And now Rd1 would win.} Ka6 26. Rxa1 {Strongly threatening Bd6.} Nxe5 27. Qf5 (27. Qf4 $16 Nd3 28. Qf3 Qc7+ 29. Kg2) 27... Re8 $14 28. Rd1 {Threatens to win with Rd4.} g6 29. Qf4 Re6 ({Black should play} 29... h5 $1 $14) 30. Rd4 $18 Rf6 $2 (30... h5 {was called for.} 31. Qe4 Nxg4 32. Qd3+ b5) 31. Qe4 Qc1 $2 (31... Rf3+ $18 32. Kg2 Rf6) 32. Qa8+ {White mates.} Kb5 33. Rd5+ Ka4 34. Rxe5 {Precision: White = 46%, Black = 38%.} 1-0

[Event "15th Deltalift Open 2018"]
[Site "Halmstad"]
[Date "2018.05.11"]
[Round "6"]
[White "Petersson, Baldur Teodor"]
[Black "Lindhe, Magnus"]
[Result "1/2-1/2"]
[WhiteElo "2038"]
[BlackElo "2170"]
[Annotator "TA"]
[PlyCount "51"]
[EventDate "2018.??.??"]
[EventType "swiss"]
[EventCountry "SWE"]
[SourceTitle "playchess.com"]
[Source "ChessBase"]
[SourceQuality "1"]

{[%evp 16,51,-7,-14,3,-29,-31,-28,58,50,197,91,134,44,73,47,102,27,41,2,87,101,103,89,92,72,106,70,70,60,113,113,118,110,120,101,106,105]} 1. e4 c5 2. Nc3 Nc6 3. g3 g6 4. Bg2 Bg7 5. d3 d6 6. f4 e6 7. Nf3 {[%cal Bg1f3,Bf3e5,Be5c6][%mdl 32]} Nge7 8. O-O b6 {B25: Closed Sicilian: 3 g3, lines without early Be3} (8... Rb8 9. Be3 O-O 10. Qd2 b6 11. d4 Ba6 12. Rfd1 Qc7 13. f5 exf5 14. Bh6 Rfe8 15. Bxg7 Kxg7 16. d5 Nd4 17. Nxd4 cxd4 18. Qxd4+ Kg8 19. Kh1 {1-0 (72) Mamedyarov,S (2765)-Wang,Y (2720) Beijing 2014}) 9. Be3 {LiveBook: 16 Games} d5 10. exd5 exd5 {Black has an edge.} 11. d4 c4 $146 (11... Bg4 $11 12. Ne2 O-O) ({Predecessor:} 11... Bg4 12. Bf2 Nxd4 13. Re1 O-O 14. h3 Nxf3+ 15. Bxf3 Bxf3 16. Qxf3 {0-1 (32) Halperin,S-Nasman,P IECG email 1995}) 12. Ne5 $14 {Hoping for Nxc6.} Na5 (12... Be6 $14) 13. b4 (13. f5 $1 $18 {[%cal Rf5g6] is the precise move to win.} Nxf5 14. Nxf7 $1 {[%mdl 512]} (14. Nxd5 O-O $11) 14... Nxe3 15. Qd2 Nxf1 16. Rxf1) 13... Nb7 {[#]} 14. b5 ({White should try} 14. f5 $1 $16 {[%cal Rf5g6]} f6 15. Bg5) 14... Be6 15. Nc6 Qd7 {[#]} (15... Nxc6 $14 16. bxc6 Nd6) 16. Qf3 (16. Nxe7 $1 $16 Qxe7 17. f5 (17. Bxd5 Bxd5 18. Nxd5 Qd6 $11) 17... gxf5 18. Bxd5) 16... O-O $11 17. Bf2 (17. Rae1 {with more complications.} Rae8 18. f5 Nxf5 19. Bf2 Nbd6 20. a4) 17... Rfd8 (17... Nxc6 $11 18. bxc6 Qxc6) 18. Nxd8 $16 Rxd8 19. a4 h5 20. Nb1 Bf5 21. c3 Be4 22. Qd1 f5 ({Better is} 22... Bxg2 $14 23. Kxg2 Nd6) 23. Be3 {[%cal Bf2e3,Be3c1,Bc1a3][%mdl 32] White is better.} Kf7 24. Bc1 Ng8 25. Ba3 Nf6 26. Nd2 {Precision: White = 30%, Black = 22%.} 1/2-1/2

[Event "15th Deltalift Open 2018"]
[Site "Halmstad"]
[Date "2018.05.11"]
[Round "6"]
[White "Karlsson, Jorgen"]
[Black "Malmstig, Erik"]
[Result "0-1"]
[WhiteElo "2029"]
[BlackElo "2339"]
[Annotator "TA"]
[PlyCount "94"]
[EventDate "2018.??.??"]
[EventType "swiss"]
[EventCountry "SWE"]
[SourceTitle "playchess.com"]
[Source "ChessBase"]
[SourceQuality "1"]

{[%evp 9,94,12,51,0,29,12,9,-24,-19,-22,-34,-78,-66,-68,-47,-64,-44,-89,-23,-110,-67,-59,-65,-78,-83,-79,-64,-89,0,9,0,-64,0,-2,0,0,0,-14,-4,-21,0,0,0,0,0,0,0,0,0,0,0,0,0,-2,0,-4,-11,-16,-10,-245,-214,-244,-177,-476,-476,-472,-454,-460,-444,-412,-426,-504,-465,-481,-467,-1113,-1110,-1029,-1003,-874,-764,-940,-708,-29985,-29986,-29986,-29982]} 1. d4 Nf6 2. Bf4 d6 3. Nc3 Nbd7 (3... g6 4. Qd2 c6 5. e4 b5 6. f3 Nbd7 7. Nge2 Nb6 8. Ng3 h5 9. Be2 Bg7 10. O-O h4 11. Nh1 h3 12. g4 a5 13. Ng3 Ba6 {1-0 (71) Aronian,L (2805)-Demchenko,A (2660) Riadh 2017}) 4. Nf3 c5 5. e3 Nh5 6. Bg3 {A45: Trompowsky Attack} (6. Bc4 $14 e6 7. Bg5) 6... a6 $146 ({Predecessor:} 6... g6 7. Be2 Bg7 8. O-O O-O 9. Re1 Nxg3 10. hxg3 e6 {0-1 (40) Bauner,J (1973)-Kupreichik,V (2361) Yerevan 2016}) 7. dxc5 Nxc5 8. b4 {The position is equal.} (8. Bh4 {feels hotter.} Nf6 9. a3 e6 10. b4 Ncd7 11. Ne4) 8... Nxg3 9. hxg3 Nd7 10. Bc4 {[#] And now Bxf7+! would win.} e6 {Threatens to win with ...d5.} 11. Bb3 d5 12. a3 a5 13. b5 Be7 (13... a4 $17 14. Nxa4 Qa5+ 15. Qd2 Qxb5) 14. Nd4 (14. Na4 $1 $11) 14... Nf6 15. Na4 O-O 16. c4 e5 {[#] Hoping for ...dxc4.} 17. Nf3 {[%cal Rc4d5]} Bg4 {aiming for ...e4.} 18. Qc2 Bxf3 ({Black should play} 18... dxc4 $17 19. Bxc4 Rc8 20. Nxe5 Be6) 19. gxf3 $11 Rc8 20. Nb2 ({Better is} 20. O-O $11) 20... d4 ({Black should try} 20... e4 $15 21. fxe4 dxe4) 21. exd4 Qxd4 22. Rd1 Qa7 (22... Qb6 {seems wilder.} 23. a4 Rfd8 24. Nd3 Nd7 25. Kf1 g6) 23. a4 Bc5 24. Kf1 h6 25. Kg2 Rfe8 26. Rh4 Bd4 27. Re1 b6 28. Nd1 Nd7 {[%cal Bf6d7,Bd7f8,Bf8g6][%mdl 32]} 29. Qf5 Nf8 30. Ne3 Bxe3 31. Rxe3 Rc5 32. Rh1 e4 33. Qf4 Ng6 34. Qd6 $2 (34. Qg4 $11 {and White has nothing to worry.}) 34... exf3+ $19 35. Rxf3 Qb7 $36 {[%mdl 2048] Keeping White busy.} 36. Rd1 $2 (36. Bd1) 36... Ne5 37. Rd5 Nxf3 38. Kxf3 Rec8 39. Ke4 Rxd5 40. Qxd5 {[%mdl 4096] Endgame KQR-KQB} Qe7+ 41. Kf3 Rd8 42. Qf5 (42. Qe4 $142 Kf8 43. Qxe7+ Kxe7 44. Ke3) 42... Qb7+ 43. Ke3 Re8+ 44. Kd3 Qe7 45. c5 bxc5 46. Bd5 Qe2+ 47. Kc3 Qe1+ {Precision: White = 37%, Black = 58%.} 0-1

[Event "15th Deltalift Open 2018"]
[Site "Halmstad"]
[Date "2018.05.11"]
[Round "6"]
[White "Troberg Eskola, Love"]
[Black "Lindborg, Patrik"]
[Result "1/2-1/2"]
[WhiteElo "1993"]
[BlackElo "2172"]
[Annotator "TA"]
[PlyCount "73"]
[EventDate "2018.??.??"]
[EventType "swiss"]
[EventCountry "SWE"]
[SourceTitle "playchess.com"]
[Source "ChessBase"]
[SourceQuality "1"]

{[%evp 21,73,80,78,38,37,28,32,9,38,21,26,0,34,0,39,25,29,43,52,52,44,29,34,19,24,24,27,31,62,0,2,0,0,0,0,0,0,0,68,53,196,196,196,196,230,229,231,0,0,0,245,0,0,0]} 1. d4 Nf6 2. c4 g6 3. Nc3 Bg7 4. e4 d6 5. Nf3 O-O 6. Be2 Bg4 7. O-O Nfd7 8. Be3 c5 9. d5 Na6 10. h3 Bxf3 11. Bxf3 Nc7 {LiveBook: 35 Games. E91: King's Indian: Classical: 6 Be2, unusual replies including 6...c5 and 6...Bg4} 12. a4 (12. Be2 a6 13. a4 Re8 14. Qd2 e6 15. Rfe1 exd5 16. exd5 f5 17. a5 Rb8 18. Bd1 b5 19. axb6 Nxb6 20. Be2 Bf8 {½-½ (20) Eljanov,P (2678)-Chadaev,N (2582) Moscow 2013}) 12... e6 $146 ({Predecessor:} 12... Qb8 13. Qd2 e5 14. dxe6 Nxe6 15. Bg4 Ne5 16. Bxe6 fxe6 17. b3 Nc6 18. Rad1 Nd4 19. Bxd4 cxd4 {0-1 (40) Scarella,E (2255)-Bielicki,C (2330) Buenos Aires 1992}) 13. Be2 exd5 {White has an edge.} 14. cxd5 a6 15. Qc2 Re8 16. Rab1 Qe7 17. Bd3 b5 18. axb5 axb5 19. Nxb5 Nxb5 20. Bxb5 Reb8 21. Bxd7 Qxd7 22. Bd2 Ra2 {[%cal Rb8b2]} 23. Bc3 Bxc3 24. Qxc3 Qb5 {[%cal Ra2b2]} 25. e5 (25. Qf6 $14) 25... dxe5 26. Qxe5 Rxb2 27. Rxb2 Qxb2 $11 {[%mdl 4096] Endgame KQR-KQR} 28. Qe7 Qd4 29. d6 {[%cal Bd5d6,Bd6d7][%mdl 32]} Kg7 (29... Rb2 $11) 30. d7 $14 c4 (30... h5 $1 $14) 31. Qe8 $1 $18 {[%cal Re8b8]} Qd6 {[#]} 32. Qc8 $1 h5 {[#]} 33. h4 $1 ({Weaker is} 33. Qxc4 Rd8 $11) 33... Kh7 34. Qe8 $2 ({Inferior is} 34. Qxc4 Qxd7 35. Re1 Rc8 $11) (34. Rc1 $18) 34... Kg7 $11 35. Qc8 $2 (35. Rc1 $11) 35... Kh7 $1 $18 {intending ...c3.} 36. Qe8 $2 ({Stronger than} 36. Qxc4 Qxd7 37. Ra1 Rd8 $11) (36. Rc1 $18) 36... Kg7 $11 37. Qc8 {Precision: White = 25%, Black = 51%.} 1/2-1/2

[Event "15th Deltalift Open 2018"]
[Site "Halmstad"]
[Date "2018.05.11"]
[Round "6"]
[White "Bergre, Joachim"]
[Black "Lindh, Fredrik"]
[Result "1/2-1/2"]
[WhiteElo "1990"]
[BlackElo "2296"]
[Annotator "TA"]
[PlyCount "87"]
[EventDate "2018.??.??"]
[EventType "swiss"]
[EventCountry "SWE"]
[SourceTitle "playchess.com"]
[Source "ChessBase"]
[SourceQuality "1"]

{[%evp 19,87,0,12,8,22,30,56,19,100,95,93,110,102,103,100,35,35,25,68,55,77,34,56,41,81,80,59,34,131,120,164,134,239,226,237,181,241,218,223,216,204,204,219,95,148,157,131,110,114,104,164,99,105,72,78,80,129,124,114,106,117,113,96,0,131,132,125,123,110,112]} 1. Nf3 Nf6 2. c4 g6 3. g3 Bg7 4. Bg2 d5 5. cxd5 Nxd5 6. O-O Nb6 7. Nc3 Nc6 8. a3 O-O 9. d3 e5 {A16: English Opening: 1...Nf6 with ...d5} (9... h6 10. Be3 e5 11. Rc1 Nd4 12. Re1 c6 13. Ne4 Nd5 14. Bd2 Re8 15. e3 Ne6 16. Qc2 Re7 {½-½ (16) Hamitevici,V (2457)-Georgiev,K (2631) Bergamo 2014}) 10. Bg5 f6 {LiveBook: 4 Games} 11. Bd2 Qe7 $146 {The position is equal.} ({Predecessor:} 11... Nd4 12. b4 c6 13. Re1 Bg4 14. Nxd4 exd4 15. Ne4 Qe7 16. Qc2 Rfe8 17. Bc1 {0-1 (37) Lezcano Jaen,P (2398)-Vidarte Morales,A (2387) El Sauzal 2003}) 12. b4 f5 13. Rc1 Nd4 (13... a6 $1 $11) 14. Nxd4 $16 exd4 15. Nd5 Nxd5 16. Bxd5+ Kh8 17. Qc2 (17. b5 $16) 17... c6 $14 18. Bf3 Bd7 19. Qc5 (19. b5 $5) 19... Qe6 20. Qc4 Qf6 21. a4 g5 22. b5 $36 {[%mdl 2048] White has strong initiative.} Rac8 23. Qb4 g4 (23... f4 $14) 24. bxc6 $16 bxc6 25. Bg2 Qe5 {[#]} (25... Rfe8 $16) 26. Bf4 $1 $18 {[%cal Rf4e5]} Qe6 27. Rfe1 Rfe8 (27... c5 $142 28. Rxc5 Rxc5 29. Qxc5 Bxa4 30. Qxa7 Bb3) 28. Rc5 Qe7 29. Qa5 Bf8 30. Re5 ({Don't play} 30. Qxa7 $6 Ra8 $14) 30... Qb4 31. Bd2 (31. Rc1 $18 {is more deadly.}) 31... Qxa5 (31... Qb6 $142) 32. Rxa5 $16 Rc7 33. Rb1 {Strongly threatening Bf4.} Bd6 34. e3 dxe3 (34... Be5 $16 35. Rc5 dxe3 36. Bxe3 (36. fxe3 Bd6 $16) 36... Bg7) 35. fxe3 (35. Bxe3 $18 Kg8 36. Bxa7) 35... Kg8 36. Kf2 Kf7 37. Ra6 {aiming for Ba5.} (37. Ke2 {is more complex.} Bc8 38. Rc1 Bd7 39. Ra6 Ba3 40. Bd5+) 37... Bc8 38. Rxc6 Rxc6 39. Bxc6 Re7 40. Bd5+ Be6 41. Bc6 ({Better is} 41. Rb5 $16) 41... Rc7 (41... Bc8 $1 $11 {remains equal.}) 42. Rb7 Rxb7 43. Bxb7 Bd7 44. Bd5+ {Precision: White = 47%, Black = 35%.} 1/2-1/2

[Event "15th Deltalift Open 2018"]
[Site "Halmstad"]
[Date "2018.05.11"]
[Round "6"]
[White "Nystrom, Jonas"]
[Black "Cramling Bellon, Anna"]
[Result "0-1"]
[WhiteElo "1965"]
[BlackElo "2153"]
[Annotator "TA"]
[PlyCount "88"]
[EventDate "2018.??.??"]
[EventType "swiss"]
[EventCountry "SWE"]
[SourceTitle "playchess.com"]
[Source "ChessBase"]
[SourceQuality "1"]

{[%evp 23,88,27,41,0,0,0,0,-24,-13,-6,0,-5,0,0,-12,-37,-52,-86,-62,-73,-81,-66,-81,-107,-99,-354,-337,-343,-333,-482,-467,-434,-381,-605,-516,-515,-488,-501,-473,-488,-487,-472,-460,-477,-474,-495,-480,-533,-522,-795,-742,-743,-558,-566,-564,-586,-522,-657,-596,-633,-575,-1448,-1366,-1304,-1225,-29991,-29992]} 1. e4 c5 2. Nf3 d6 3. d4 cxd4 4. Nxd4 Nf6 5. Nc3 a6 6. Bc4 e6 7. O-O b5 8. Bb3 Be7 9. Qf3 Qb6 10. Be3 Qb7 11. Qg3 Nbd7 {[%cal Bb8d7,Bd7e5,Be5c4][%mdl 32]} 12. f3 O-O {LiveBook: 12 Games. B87: Sicilian Scheveningen/Najdorf: 6 Bc4, with early ...b5} (12... b4 13. Na4 O-O 14. Rfd1 Rb8 15. Ne2 Ne5 16. a3 a5 17. axb4 axb4 18. Nb6 Qc7 19. Qf2 Nfd7 20. Ra7 Rb7 21. Nxc8 Rxc8 22. Rxb7 Qxb7 {0-1 (29) Ivanchuk,V (2726)-Artemiev,V (2691) Huaian 2017}) 13. a3 (13. Nd5 $5 Nxd5 14. exd5 $14) 13... Kh8 14. Rad1 Ne5 {The position is equal.} 15. Rfe1 Nc4 16. Bc1 e5 $146 ({Predecessor:} 16... Qb6 17. Kh1 Bb7 {½-½ (17) Lanc,A (2366)-Polak,T (2482) Czechia 2001}) 17. Nf5 Bxf5 $1 18. exf5 Rac8 19. Ne4 d5 $36 {[%mdl 2048] Black is more active.} 20. Ng5 h6 21. Nh3 $1 Qd7 22. c3 Bd6 23. Qh4 Qxf5 24. Bxh6 $2 {[%mdl 8192] [#]} (24. Re2 $17) 24... gxh6 $19 25. Qxh6+ Kg8 26. Bc2 (26. Re2 {keeps fighting.}) 26... Qxc2 27. Qxf6 Qg6 28. Qh4 (28. Qxg6+ $142 fxg6 29. Rxd5) 28... Bc5+ 29. Kh1 Ne3 {[%csl Ge3][%cal Rg6g2] [#]} 30. Rd2 Nf5 31. Qg5 Qxg5 32. Nxg5 Ne3 33. Rd3 d4 34. Ne4 Ba7 35. g4 Kg7 36. h3 Rh8 37. Kh2 Kg6 38. Kg3 Rc6 39. h4 Kg7 40. Ng5 f6 41. Nh3 Rxh4 42. Rexe3 Rxh3+ 43. Kxh3 dxe3 {[%cal Bd4e3,Be3e2][%mdl 32]} 44. Kg3 e2 {Precision: White = 24%, Black = 88%.} 0-1

[Event "15th Deltalift Open 2018"]
[Site "Halmstad"]
[Date "2018.05.11"]
[Round "6"]
[White "Rasti, Arvin"]
[Black "Wallin, Dennis"]
[Result "0-1"]
[WhiteElo "1956"]
[BlackElo "2136"]
[Annotator "TA"]
[PlyCount "80"]
[EventDate "2018.??.??"]
[EventType "swiss"]
[EventCountry "SWE"]
[SourceTitle "playchess.com"]
[Source "ChessBase"]
[SourceQuality "1"]

{[%evp 17,80,-16,0,-6,0,-2,0,4,4,0,0,-12,-16,-11,0,-20,-16,-16,0,-6,-4,-9,0,-10,0,-12,0,-41,-50,-50,-62,-48,-50,-43,-46,-46,-67,-118,-113,-127,-101,-125,-102,-233,-233,-219,-239,-230,-222,-232,-231,-333,-341,-537,-519,-733,-716,-820,-808,-814,-799,-1058,-1031,-29991,-29992]} 1. Nf3 e6 2. c4 Nf6 3. Nc3 Bb4 4. g3 b6 5. Bg2 Bb7 6. a3 Bxc3 7. bxc3 O-O 8. O-O d6 9. d4 Nbd7 10. Nd2 {E21: Nimzo-Indian: 4 Nf3} Bxg2 11. Kxg2 Qc8 $146 ({Predecessor:} 11... d5 12. cxd5 exd5 13. c4 c5 14. cxd5 cxd4 15. Nf3 Nc5 16. Bb2 Qxd5 17. Qxd4 Rfe8 {0-1 (34) Giribet Cunyat,J (1889)-Matnadze,A (2409) Balaguer 2007}) 12. e4 {The position is equal.} Qa6 13. Qe2 e5 14. Bb2 Rfe8 15. Rfe1 Nb8 16. f3 Nc6 17. Nf1 Na5 18. Ne3 Rac8 19. Rad1 Nd7 20. Qd3 Nf8 21. Re2 Re6 22. c5 Qxd3 23. Rxd3 bxc5 24. dxc5 dxc5 25. Rd5 Nb7 26. Nc4 f6 27. Red2 (27. Bc1 $15) 27... Ra6 $17 28. Ne3 Re8 29. h4 h5 30. g4 (30. Bc1 $17 {is a better defense.}) 30... hxg4 $19 31. Nxg4 c6 32. R5d3 {[#]} c4 $1 {[%cal Rc4d3]} 33. Re3 Nc5 34. Nf2 (34. Re1 $142) 34... Nfe6 35. Rd6 (35. Kg3 $142) 35... Nf4+ 36. Kg3 Rb8 37. Rd2 Rab6 38. Nd1 Ncd3 39. Ba1 Rb1 40. Rb2 Nxb2 {Precision: White = 43%, Black = 66%.} 0-1

[Event "15th Deltalift Open 2018"]
[Site "Halmstad"]
[Date "2018.05.12"]
[Round "7"]
[White "Westerberg, Jonathan"]
[Black "Pantzar, Milton"]
[Result "1/2-1/2"]
[WhiteElo "2523"]
[BlackElo "2333"]
[Annotator "TA"]
[PlyCount "129"]
[EventDate "2018.??.??"]
[EventType "swiss"]
[EventCountry "SWE"]
[SourceTitle "playchess.com"]
[Source "ChessBase"]
[SourceQuality "1"]

{[%evp 15,129,-12,-7,-53,0,-28,-8,-19,-20,-20,-9,-15,0,0,0,-16,-21,-6,-14,-23,12,-37,-45,-82,-58,-66,0,0,0,0,0,-32,-4,-18,-2,-34,-25,-37,-36,-27,-27,-29,-29,-29,-29,-29,-29,-29,-29,-46,-57,-48,-53,-54,-51,-56,-19,-27,-11,-14,-8,-16,-16,-20,-13,-31,-19,-33,-8,-8,0,0,0,-14,0,0,0,0,0,-1,0,0,0,0,0,0,0,-17,0,0,0,0,0,0,0,0,0,0,0,0,0,0,0,0,0,0,0,0,0,0,0,0,0,0,0,0]} 1. e4 e5 2. Nf3 Nc6 3. Bc4 Nf6 4. Qe2 Bc5 5. c3 O-O 6. d3 {C54: Giuoco Piano: 4 c3 Nf6, main lines with 5 d4 and 5 d3} a6 (6... d5 7. Bb3 Be6 8. Ng5 Ne7 9. Nxe6 fxe6 10. O-O Ng6 11. g3 c6 12. Nd2 a5 13. Nf3 Qb6 {1-0 (52) Hector,J (2530)-Sokolov,I (2676) Helsingor 2012}) 7. Bb3 h6 8. h3 d5 {LiveBook: 6 Games} 9. g4 Be6 (9... d4 $15) 10. Nbd2 dxe4 $146 ({Predecessor:} 10... Qd7 11. Nf1 dxe4 12. dxe4 Rad8 {½-½ (44) Ardelean,G (2493)-Batsiashvili,N (2466) Benasque 2016}) 11. dxe4 Qe7 (11... Qe8 {looks sharper.} 12. Nf1 Rd8 13. Ng3 Nd7 14. O-O Bb6) 12. Nf1 Bxb3 13. axb3 Qe6 14. b4 Bb6 15. Ng3 Ne7 16. g5 hxg5 17. Nxg5 Qc6 18. Rg1 Rad8 19. Be3 Bxe3 20. fxe3 Qb5 (20... Rd7 $15) 21. Qxb5 $11 axb5 22. Ra7 Rb8 $1 23. Nf5 Nc6 24. Ra1 g6 (24... Ra8 {is more complex.} 25. Ke2 Rxa1 26. Rxa1 Rb8 27. h4 Kf8) 25. Ng3 (25. Nh6+ {seems wilder.} Kg7 26. Ng4 Ra8 27. Ke2 Rxa1 28. Rxa1 Rd8 29. c4) 25... Ra8 26. Ke2 Rxa1 27. Rxa1 Kg7 28. Nf3 Rh8 29. h4 Ne8 30. Ra8 Nd6 31. Rxh8 Kxh8 {[%mdl 4096] Endgame KNN-KNN} 32. Kd3 Kg7 33. h5 Kh6 34. hxg6 fxg6 35. b3 Kg7 36. Nh1 Kf6 37. Nf2 Nf7 38. Ng4+ Ke6 39. Nh4 Ne7 40. Nf3 Ng8 41. c4 c6 42. Nf2 {The position is equal.} Nd6 43. Ng4 Nf7 44. Nf2 Ngh6 45. Ke2 Nd6 46. Nd2 Kf6 47. Kf3 Kg5 48. Kg3 Kf6 49. Nd3 Nhf7 50. Nc5 Ke7 51. Kg4 b6 52. Nd3 Ne8 53. c5 bxc5 54. bxc5 Nf6+ 55. Kh4 Kd7 56. Nb4 g5+ 57. Kg3 Nd8 58. Nd3 Ke6 59. Nf2 Nf7 60. Nf3 Nh5+ 61. Kg4 Nf6+ 62. Kg3 $1 Nh5+ 63. Kg4 Nf6+ 64. Kg3 $1 Nh5+ 65. Kg4 {Precision: White = 70%, Black = 59%.} 1/2-1/2

[Event "15th Deltalift Open 2018"]
[Site "Halmstad"]
[Date "2018.05.12"]
[Round "7"]
[White "Hector, Jonny"]
[Black "Tikkanen, Hans"]
[Result "1/2-1/2"]
[WhiteElo "2497"]
[BlackElo "2492"]
[Annotator "TA"]
[PlyCount "134"]
[EventDate "2018.??.??"]
[EventType "swiss"]
[EventCountry "SWE"]
[SourceTitle "playchess.com"]
[Source "ChessBase"]
[SourceQuality "1"]

{[%evp 11,134,26,30,14,41,35,41,27,25,9,20,-18,-18,0,0,-24,-12,-19,-13,-22,0,-11,-10,-24,-13,-16,-12,-25,45,0,0,0,14,-63,0,0,0,-56,-50,-173,-177,-169,-162,-189,-194,-243,-242,-450,-437,-440,-245,-441,-147,-124,-73,-74,-46,-38,-38,-41,-38,-64,-70,-57,-56,-70,-69,-56,-56,-56,-43,-51,-39,-72,-15,-76,-54,-61,-56,-56,0,0,0,0,0,0,0,0,0,0,0,0,0,0,0,0,0,0,0,0,0,0,0,0,0,0,0,0,0,0,0,0,0,0,0,0,0,0,0,0,0,0,0,0,-47]} 1. e4 c6 2. d4 d5 3. e5 c5 4. dxc5 e6 5. a3 (5. Nf3 Bxc5 6. Bd3 Ne7 7. O-O Ng6 8. a3 O-O 9. Nbd2 Nc6 10. b4 Bb6 11. Bb2 Nf4 12. Nb3 a5 13. Qd2 Nxd3 14. cxd3 {½-½ (38) Vitiugov,N (2735)-Anand,V (2776) Karlsruhe/Baden-Baden 2018}) 5... Qc7 6. Nf3 {B12: Caro-Kann: Advance Variation} Bxc5 {LiveBook: 6 Games} 7. Bd3 a6 $146 ({Predecessor:} 7... Nc6 8. b4 Bd4 9. Nxd4 Qxe5+ 10. Ne2 Qxa1 11. c3 a5 12. b5 Ne5 {0-1 (36) Jaracz,P (2531)-Swicarz,M (2238) Wroclaw 2013}) 8. O-O {White is slightly better.} Ne7 9. b4 Ba7 10. Nbd2 Nd7 11. c4 Nxe5 12. Nxe5 Qxe5 13. Rb1 O-O 14. Re1 Qd4 15. Qe2 dxc4 16. Nxc4 Nd5 17. Qc2 f5 18. Bb2 Qh4 19. Ne5 Nf6 (19... b5 $11) 20. h3 (20. Nf3 $5 {[%cal Rf3h4]} Qg4 21. Bxf6 gxf6 22. Bc4 $11) 20... b5 $36 {[%mdl 2048] And now ...Bb7 would win. Black is more active.} 21. Nf3 Qh5 {Threatens to win with ...Bb7.} 22. Bd4 (22. Qc6 $11 Bd7 23. Qb7) 22... Bxd4 (22... Bb7 $15 23. Bxa7 Bxf3 24. gxf3 Rxa7 25. Rxe6 Qxh3) 23. Nxd4 $11 Qf7 24. Nf3 (24. Rbd1 $11) 24... Bb7 $15 {aiming for ...Bxf3.} 25. Ng5 {[#]} (25. Ne5 $15 Qe7 26. Qc5) 25... Qg6 $1 $19 {[%cal Rg6g5]} 26. f4 Rac8 27. Qf2 Ne4 28. Bxe4 fxe4 ({Less strong is} 28... Bxe4 29. Rbc1 $15) 29. Qe3 $2 (29. Rbd1) 29... Rc2 30. g4 Qf6 (30... Bd5 $142 {...Rc4 is the strong threat.} 31. Nxe4 h5) 31. Rbc1 $2 (31. Rec1 Ra2 32. Rf1) 31... Rxc1 $2 (31... Ra2 $19 {has better winning chances.} 32. Rb1 h6 33. Nxe4 Qxf4 34. Qxf4 Rxf4) 32. Rxc1 $17 h6 ({Black should try} 32... Bd5 33. Nxe4 Qxf4 34. Qxf4 Rxf4) 33. Nxe4 Qxf4 (33... Bxe4 {keeps more tension.} 34. Qxe4 Qxf4 35. Qxf4 Rxf4 36. Rc6 Rf3) 34. Qxf4 Rxf4 {[%mdl 4096] Endgame KRB-KRN} 35. Nc5 Bd5 {Hoping for ...Rf3.} 36. Rc3 Kf7 37. Nxa6 Bc4 38. Nc5 Ke7 $1 39. Re3 Kd6 40. Kg2 Rd4 41. Kg3 e5 42. Ne4+ Ke6 (42... Kd5 $17 43. Nc3+ Ke6) 43. Nc3 (43. Nc5+ $11 {keeps the balance.} Kd6 44. Rf3) 43... Rd2 44. a4 bxa4 45. Nxa4 Bd5 (45... Bb5 $15 46. Nc5+ Kd5) 46. Nc5+ $11 {The position is equal.} Kd6 47. Ne4+ Bxe4 $1 48. Rxe4 {KR-KR} Kd5 49. Re1 Rb2 50. Ra1 Rxb4 51. Ra7 g5 52. Ra6 Rb3+ 53. Kg2 Rb2+ 54. Kg3 Rb3+ 55. Kg2 Rb2+ 56. Kg3 Kd4 (56... e4 {looks sharper.} 57. Rxh6 e3 58. Kf3 Kd4 59. Rd6+ Ke5) 57. Rxh6 Rb3+ 58. Kf2 Rb2+ 59. Kg3 Rb3+ 60. Kf2 e4 {[%cal Be5e4,Be4e3][%mdl 32]} 61. Rd6+ Ke5 62. Rg6 $1 Rxh3 63. Rxg5+ Kd4 64. Ra5 e3+ 65. Ke1 Kd3 {[%cal Rh3h1] [#]} 66. Rd5+ Ke4 67. Rd8 Rh1+ {Precision: White = 52%, Black = 59%.} 1/2-1/2